|
|
|
|
| LEADER |
01643nam a2200421 i 4500 |
| 001 |
EBC4006810 |
| 003 |
MiAaPQ |
| 005 |
20200520144314.0 |
| 006 |
m o d | |
| 007 |
cr cnu|||||||| |
| 008 |
151117t20152015gw ob 001 0 eng d |
| 020 |
|
|
|z 9783110370454
|
| 020 |
|
|
|a 9783110366396
|q (electronic bk.)
|
| 035 |
|
|
|a (MiAaPQ)EBC4006810
|
| 035 |
|
|
|a (Au-PeEL)EBL4006810
|
| 035 |
|
|
|a (CaPaEBR)ebr11116712
|
| 035 |
|
|
|a (CaONFJC)MIL838230
|
| 035 |
|
|
|a (OCoLC)923336450
|
| 040 |
|
|
|a MiAaPQ
|b eng
|e rda
|e pn
|c MiAaPQ
|d MiAaPQ
|
| 050 |
|
4 |
|a BJ37
|b .W49 2015
|
| 082 |
0 |
|
|a 170
|2 23
|
| 245 |
0 |
0 |
|a Why be moral? /
|c edited by Beatrix Himmelmann and Robert B. Louden.
|
| 264 |
|
1 |
|a Berlin, [Germany] ;
|a Boston, [Massachusetts] :
|b De Gruyter,
|c 2015.
|
| 264 |
|
4 |
|c 2015
|
| 300 |
|
|
|a 1 online resource (286 pages)
|
| 336 |
|
|
|a text
|2 rdacontent
|
| 337 |
|
|
|a computer
|2 rdamedia
|
| 338 |
|
|
|a online resource
|2 rdacarrier
|
| 504 |
|
|
|a Includes bibliographical references and index.
|
| 588 |
|
|
|a Description based on print version record.
|
| 590 |
|
|
|a Electronic reproduction. Ann Arbor, MI : ProQuest, 2015. Available via World Wide Web. Access may be limited to ProQuest affiliated libraries.
|
| 650 |
|
0 |
|a Ethics.
|
| 655 |
|
4 |
|a Electronic books.
|
| 700 |
1 |
|
|a Himmelmann, Beatrix,
|e editor.
|
| 700 |
1 |
|
|a Louden, Robert B.,
|e editor.
|
| 776 |
0 |
8 |
|i Print version:
|t Why be moral?
|d Berlin, [Germany] ; Boston, [Massachusetts] : De Gruyter, c2015
|h viii, 278 pages
|z 9783110370454
|w 2015040162
|
| 797 |
2 |
|
|a ProQuest (Firm)
|
| 856 |
4 |
0 |
|u https://ebookcentral.proquest.com/lib/matrademy/detail.action?docID=4006810
|z Click to View
|